Hệ thống điều khiển số cho máy công cụ : Cấu trúc - chức năng - lập trình - vận hành /
Na minha lista:
| Autor principal: | |
|---|---|
| Formato: | Livro |
| Idioma: | Vietnamese |
| Publicado em: |
Khoa học và kỹ thuật
1999
|
| Tags: |
Adicionar Tag
Sem tags, seja o primeiro a adicionar uma tag!
|
| Thư viện lưu trữ: | Mạng thư viện Đại học Đà Nẵng |
|---|
| LEADER | 00710nam a2200265 4500 | ||
|---|---|---|---|
| 001 | 000028231 | ||
| 003 | TA-LR | ||
| 005 | 20150403120000.0 | ||
| 008 | 150403s vm 000 vie | ||
| 020 | |c 0,0000 | ||
| 040 | |a notts | ||
| 100 | |a Tạ Duy Liêm | ||
| 245 | |a Hệ thống điều khiển số cho máy công cụ : Cấu trúc - chức năng - lập trình - vận hành / |c Tạ Duy Liêm. | ||
| 260 | |b Khoa học và kỹ thuật |c 1999 | ||
| OWN | |a LTT | ||
| 999 | |a From the UDN01 | ||
| TYP | |a Monograph | ||
| TYP | |a Printed language | ||
| 980 | |a Mạng thư viện Đại học Đà Nẵng | ||